Estadísticas para 15 principales países con muertes de Covid-19 - 11 de mayo de 2022

Haz click aquí para intentar la prueba.

Estadísticas generales

  • Esta prueba ha sido intentada 6 veces
  • La puntuación promedio es 12 de 27

Estadísticas de respuestas

país% Correcto
Alemania
100%
Brasil
100%
Francia
100%
Argentina
83%
Estados Unidos
83%
India
83%
Italia
83%
México
83%
Colombia
67%
Rusia
67%
Indonesia
50%
Perú
50%
Polonia
50%
Chequia
33%
Croacia
33%
Eslovaquia
33%
Eslovenia
33%
Irán
33%
Reino Unido
33%
Bosnia y Herzegovina
17%
Hungría
17%
Bulgaria
0%
Georgia
0%
Letonia
0%
Lituania
0%
Macedonia del Norte
0%
Rumania
0%

Distribución de puntuación

Porcentaje por número respondido

Porcentaje de gente con cada puntuación

Historial de tus puntuaciones

No has intentado esta prueba.